[Event "Mexican op 69th"]
[Site "Mexico City"]
[Date "2024.03.27"]
[Round "2"]
[White "Martin Del Campo C, Jorge Arturo"]
[Black "Diaz Rosas, Julio Cesar"]
[Result "0-1"]
[WhiteElo "2013"]
[BlackElo "2404"]
[PlyCount "100"]
[EventDate "2024.03.26"]
[EventType "swiss"]
[EventRounds "9"]
[EventCountry "MEX"]
[SourceTitle "CB14_2024"]
[SourceDate "2024.04.01"]
[SourceVersion "1"]
[SourceVersionDate "2024.04.01"]
[SourceQuality "1"]

1. e4 e5 2. Nf3 Nc6 3. Bb5 Nge7 4. 0-0 g6 5. c3 a6 6. Ba4 Bg7 7. h3 0-0 8. d4 exd4 9. cxd4 b5 10. Bb3 d6 11. Nc3 Na5 12. Bc2 c5 13. dxc5 dxc5 14. Qxd8 Rxd8 15. Bg5 Re8 16. Be3 Bb7 17. Bxc5 Rac8 18. Bb4 Nc4 19. Bxe7 Rxe7 20. Nd5 Ree8 21. Rfe1 Nxb2 22. Rac1 Bxd5 23. exd5 Rxe1+ 24. Nxe1 Be5 25. Rb1 Nc4 26. Rd1 Nd6 27. Bb3 Bb2 28. Nd3 Ba3 29. Ne5 Re8 30. Nc6 Bc5 31. Kf1 Ne4 32. Nd4 Kf8 33. g4 Bxd4 34. Rxd4 Nd6 35. a4 g5 36. axb5 axb5 37. Rd1 Kg7 38. Ra1 Ne4 39. Ra2 h6 40. f3 Nc5 41. Bd1 b4 42. d6 Kf6 43. Ra5 Re5 44. Be2 b3 45. Rb5 Ne6 46. Bc4 Rxb5 47. Bxb5 Nc5 48. Bc4 b2 49. Ba2 Na4 50. Ke1 Nc3 0-1

[Event "Iberoamerican-ch 8th"]
[Site "Mexico City"]
[Date "2022.02.17"]
[Round "7"]
[White "Martin Del Campo C, Jorge Arturo"]
[Black "Lopez Garcia, Miguel Angel"]
[Result "1-0"]
[WhiteElo "2019"]
[BlackElo "1710"]
[PlyCount "99"]
[EventDate "2022.02.12"]
[EventType "swiss"]
[EventRounds "9"]
[EventCountry "MEX"]
[SourceTitle "CBM 206 Extra"]
[Source "ChessBase"]
[SourceDate "2022.03.31"]
[SourceVersion "1"]
[SourceVersionDate "2022.03.31"]
[SourceQuality "1"]

1. e4 e5 2. Nf3 Nc6 3. Bb5 Nf6 4. d3 Bc5 5. Bxc6 dxc6 6. Nbd2 0-0 7. 0-0 Re8 8. Nc4 Nd7 9. c3 Bb6 10. a4 a6 11. a5 Ba7 12. Qe2 f6 13. Rd1 Qe7 14. b3 Nc5 15. Ba3 Qf7 16. Rab1 Ne6 17. Bc1 Nc5 18. b4 Ne6 19. Be3 Bxe3 20. fxe3 Qg6 21. Nh4 Qf7 22. Rf1 Nf8 23. Nf5 Kh8 24. Qf3 Bxf5 25. Qxf5 Qd7 26. Rbd1 Qxf5 27. exf5 Rad8 28. Kf2 Kg8 29. d4 exd4 30. cxd4 g6 31. g4 Rd5 32. Ke2 Kg7 33. Kd3 Rdd8 34. e4 Nd7 35. Ke3 Re7 36. Rfe1 Nf8 37. h4 h6 38. e5 Rd5 39. Kf4 g5+ 40. hxg5 hxg5+ 41. Ke4 Rb5 42. Rb1 fxe5 43. dxe5 Nd7 44. Kd4 Rd5+ 45. Kc3 Nxe5 46. Re3 Kf6 47. Rbe1 c5 48. Nxe5 Rdxe5 49. Rxe5 cxb4+ 50. Kd4 1-0

[Event "Iberoamerican-ch 8th"]
[Site "Mexico City"]
[Date "2022.02.15"]
[Round "5"]
[White "Martin Del Campo C, Jorge Arturo"]
[Black "Noboa Silva, Kevin Omar"]
[Result "0-1"]
[WhiteElo "2019"]
[BlackElo "2331"]
[PlyCount "76"]
[EventDate "2022.02.12"]
[EventType "swiss"]
[EventRounds "9"]
[EventCountry "MEX"]
[SourceTitle "CBM 206 Extra"]
[Source "ChessBase"]
[SourceDate "2022.03.31"]
[SourceVersion "1"]
[SourceVersionDate "2022.03.31"]
[SourceQuality "1"]

1. c4 Nf6 2. Nc3 c5 3. g3 e6 4. Bg2 d5 5. cxd5 exd5 6. d4 cxd4 7. Qxd4 Nc6 8. Qd1 d4 9. Ne4 Be7 10. Nxf6+ Bxf6 11. Nf3 0-0 12. 0-0 Re8 13. Re1 Bf5 14. Qb3 Be4 15. Bd2 Bd5 16. Qa3 Qb6 17. Rac1 Rad8 18. b3 h6 19. Kf1 Be7 20. Qa4 Bf8 21. Nh4 Re5 22. Bxd5 Rexd5 23. Nf3 Qc7 24. Qc4 Qd7 25. Kg2 Ba3 26. Rcd1 d3 27. e4 Rh5 28. h4 b5 29. Qc3 Rc5 30. Qa1 Rc2 31. Bc3 Qg4 32. Re3 Bc5 33. Bd2 Bxe3 34. Bxe3 Qxe4 35. Rd2 Rxd2 36. Bxd2 Nd4 37. Qd1 Rd5 38. Be3 Nxf3 0-1

[Event "Mexico City Latinoamericano op 1st"]
[Site "Mexico City"]
[Date "2021.11.08"]
[Round "7"]
[White "Lozada Resendiz, Daniel Ivan"]
[Black "Martin Del Campo C, Jorge Arturo"]
[Result "1/2-1/2"]
[WhiteElo "1874"]
[BlackElo "2051"]
[PlyCount "88"]
[EventDate "2021.11.04"]
[EventType "swiss"]
[EventRounds "9"]
[EventCountry "MEX"]
[SourceTitle "EXT 2023"]
[Source "ChessBase"]
[SourceDate "2022.10.05"]
[SourceVersion "1"]
[SourceVersionDate "2022.10.05"]
[SourceQuality "1"]

1. e4 c5 2. c3 Nf6 3. e5 Nd5 4. d4 cxd4 5. cxd4 Nc6 6. Nf3 d6 7. Bc4 Nb6 8. Bb5 dxe5 9. Nxe5 Bd7 10. Nxd7 Qxd7 11. 0-0 e6 12. Nc3 Be7 13. Qg4 g6 14. Rd1 Nd5 15. Nxd5 Qxd5 16. Ba4 h5 17. Qe2 h4 18. Bb3 Qh5 19. Qxh5 Rxh5 20. d5 exd5 21. Rxd5 Rxd5 22. Bxd5 0-0-0 23. Bf3 Ne5 24. Be2 Nd3 25. Be3 b6 26. b3 g5 27. Rd1 Nb4 28. a4 Rxd1+ 29. Bxd1 Kc7 30. f4 Nd5 31. Bd2 Bc5+ 32. Kf1 gxf4 33. Bf3 Ne3+ 34. Bxe3 fxe3 35. Ke2 Kd6 36. h3 Ke5 37. Kd3 Kf4 38. Ba8 Kg3 39. Ke2 Kf4 40. Bc6 Ke5 41. Kd3 f5 42. Bf3 f4 43. Kc4 Ba3 44. Kd3 a5 1/2-1/2

[Event "Mexico City Latinoamericano op 1st"]
[Site "Mexico City"]
[Date "2021.11.07"]
[Round "5"]
[White "Sainz Aguirre, Ignacio"]
[Black "Martin Del Campo C, Jorge Arturo"]
[Result "1/2-1/2"]
[WhiteElo "1872"]
[BlackElo "2051"]
[PlyCount "69"]
[EventDate "2021.11.04"]
[EventType "swiss"]
[EventRounds "9"]
[EventCountry "MEX"]
[SourceTitle "EXT 2023"]
[Source "ChessBase"]
[SourceDate "2022.10.05"]
[SourceVersion "1"]
[SourceVersionDate "2022.10.05"]
[SourceQuality "1"]

1. e4 c5 2. Nf3 e6 3. d4 cxd4 4. Nxd4 a6 5. c4 Nf6 6. Nc3 Bb4 7. Qd3 d6 8. Be2 Nbd7 9. f3 Qc7 10. Qc2 0-0 11. Be3 d5 12. cxd5 exd5 13. 0-0 Bxc3 14. bxc3 dxe4 15. fxe4 Qe5 16. Bf4 Qxe4 17. Bd3 Qd5 18. Rae1 Qa5 19. Bd6 Rd8 20. Be7 Re8 21. Bxf6 Rxe1 22. Bxh7+ Kh8 23. Bxg7+ Kxg7 24. Rxe1 Nf6 25. Bf5 Bxf5 26. Nxf5+ Kf8 27. Nd4 Re8 28. Rxe8+ Kxe8 29. Qe2+ Kf8 30. Qc4 Qe5 31. h3 Qe3+ 32. Kh2 Qf4+ 33. Kg1 Qe3+ 34. Kh2 Qf4+ 35. Kg1 1/2-1/2

[Event "Mexico City Latinoamericano op 1st"]
[Site "Mexico City"]
[Date "2021.11.05"]
[Round "2"]
[White "Carreras Mendiolea, Paulina Adriana"]
[Black "Martin Del Campo C, Jorge Arturo"]
[Result "0-1"]
[WhiteElo "1788"]
[BlackElo "2051"]
[PlyCount "72"]
[EventDate "2021.11.04"]
[EventType "swiss"]
[EventRounds "9"]
[EventCountry "MEX"]
[SourceTitle "EXT 2023"]
[Source "ChessBase"]
[SourceDate "2022.10.05"]
[SourceVersion "1"]
[SourceVersionDate "2022.10.05"]
[SourceQuality "1"]

1. e4 c5 2. Nf3 d6 3. d4 cxd4 4. Nxd4 Nf6 5. Nc3 Nc6 6. Nxc6 bxc6 7. Bc4 e6 8. Bb3 Be7 9. 0-0 0-0 10. Re1 Qc7 11. Qe2 e5 12. h3 Bb7 13. Bg5 h6 14. Bh4 a5 15. Bxf6 Bxf6 16. Rad1 Rfd8 17. Qh5 Rd7 18. Re3 Kh7 19. Qf5+ Kh8 20. Ne2 Bc8 21. Ng3 a4 22. Bc4 d5 23. exd5 cxd5 24. Bd3 e4 25. Rxe4 dxe4 26. Qxe4 Rxd3 27. Qxd3 Be6 28. b3 Rd8 29. Qe2 Rxd1+ 30. Qxd1 a3 31. c4 Qe5 32. Qf3 Qa1+ 33. Kh2 Qxa2 34. Nf5 Qb2 35. Nxg7 Qe5+ 36. Kg1 Kxg7 0-1

[Event "Mexico City Latinoamericano op 1st"]
[Site "Mexico City"]
[Date "2021.11.05"]
[Round "1"]
[White "Martin Del Campo C, Jorge Arturo"]
[Black "Montano, Vicente Guadalupe"]
[Result "1-0"]
[WhiteElo "2051"]
[BlackElo "1615"]
[PlyCount "85"]
[EventDate "2021.11.04"]
[EventType "swiss"]
[EventRounds "9"]
[EventCountry "MEX"]
[SourceTitle "EXT 2023"]
[Source "ChessBase"]
[SourceDate "2022.10.05"]
[SourceVersion "1"]
[SourceVersionDate "2022.10.05"]
[SourceQuality "1"]

1. d4 Nf6 2. c4 g6 3. g3 Bg7 4. Bg2 0-0 5. Nc3 d6 6. Nf3 Nbd7 7. 0-0 c5 8. h3 cxd4 9. Nxd4 Nb6 10. b3 d5 11. c5 Nbd7 12. c6 Nb8 13. cxb7 Bxb7 14. Bb2 e5 15. Nc2 Qd7 16. e3 Rd8 17. Na4 Qe8 18. Nc5 Bc6 19. Nb4 Bb5 20. Re1 Qe7 21. Rc1 a5 22. Nxd5 Nxd5 23. Bxd5 Ra7 24. e4 Bh6 25. f4 Bg7 26. Nd3 exf4 27. Bxg7 Kxg7 28. Nxf4 Kg8 29. Qd4 Rad7 30. Qc5 Qxc5+ 31. Rxc5 Ba6 32. Rec1 Bb7 33. Rxa5 Bxd5 34. Nxd5 Kg7 35. Rac5 Re8 36. R1c4 Re5 37. g4 Ra7 38. a4 h5 39. Kf2 hxg4 40. hxg4 g5 41. Kf3 Rd7 42. b4 Rd6 43. b5 1-0

[Event "Washington op 2nd"]
[Site "Rockville"]
[Date "2013.08.06"]
[Round "1"]
[White "Martin Del Campo C, Jorge Arturo"]
[Black "Thavandiran, Shiyam"]
[Result "0-1"]
[WhiteElo "2135"]
[BlackElo "2357"]
[PlyCount "102"]
[EventDate "2013.08.06"]
[EventType "swiss"]
[EventRounds "9"]
[EventCountry "USA"]
[SourceTitle "EXT 2014"]
[Source "ChessBase"]
[SourceDate "2013.11.20"]
[SourceVersion "1"]
[SourceVersionDate "2013.11.20"]
[SourceQuality "1"]

1. d4 e6 2. c4 Nf6 3. g3 d5 4. Bg2 dxc4 5. Qa4+ Nbd7 6. Nf3 a6 7. Qxc4 b5 8. Qc2 Bb7 9. 0-0 c5 10. a4 Rc8 11. axb5 axb5 12. Qb3 b4 13. dxc5 Bxc5 14. Bg5 Bd5 15. Qd1 h6 16. Bf4 g5 17. Bc1 Qb6 18. e3 Qb7 19. Nbd2 Ke7 20. Ne1 Ne5 21. Bxd5 Qxd5 22. Nef3 Nxf3+ 23. Qxf3 Qxf3 24. Nxf3 Ne4 25. Nd2 Nxd2 26. Bxd2 Rhd8 27. Rfd1 Rd3 28. Kf1 Bd6 29. Ra7+ Kf6 30. Ke2 Rb3 31. Bc1 Be5 32. f4 gxf4 33. gxf4 Bxb2 34. Bxb2+ Rxb2+ 35. Kf3 Rg8 36. Rdd7 Rg7 37. Rdb7 b3 38. Ra3 Rxh2 39. Raxb3 h5 40. Rb2 Rh3+ 41. Ke4 h4 42. Re2 Rh1 43. Rbb2 h3 44. Rh2 Rxh2 45. Rxh2 Rh7 46. Kf3 Kf5 47. e4+ Kg6 48. Kg4 e5 49. Kg3 exf4+ 50. Kxf4 Rh8 51. Rf2 h2 0-1

[Event "Mexican op 55th"]
[Site "Toluca"]
[Date "2009.04.10"]
[Round "4"]
[White "Trent, Lawrence"]
[Black "Martin Del Campo C, Jorge Arturo"]
[Result "1-0"]
[WhiteElo "2466"]
[BlackElo "2251"]
[PlyCount "77"]
[EventDate "2009.04.07"]
[EventType "swiss"]
[EventRounds "9"]
[EventCountry "MEX"]
[SourceTitle "CBM 129 Extra"]
[Source "ChessBase"]
[SourceDate "2009.05.05"]
[SourceVersion "2"]
[SourceVersionDate "2009.05.20"]
[SourceQuality "1"]

1. e4 c5 2. Nf3 d6 3. d4 cxd4 4. Nxd4 Nf6 5. Nc3 Nc6 6. Bg5 e6 7. Qd2 a6 8. 0-0-0 Bd7 9. f3 h6 10. Be3 Qc7 11. Kb1 h5 12. Qf2 Ne5 13. h3 b5 14. f4 Nc4 15. Bxc4 Qxc4 16. e5 b4 17. exf6 bxc3 18. b3 Rb8 19. Ka1 Qb4 20. fxg7 Bxg7 21. Rhe1 Qa3 22. Bc1 Qc5 23. f5 e5 24. Qg3 Bf6 25. Ne6 fxe6 26. Qg6+ Ke7 27. Bg5 Bxg5 28. Qxg5+ Ke8 29. fxe6 Qa3 30. exd7+ Kxd7 31. Qf5+ Kc7 32. Qf7+ Kd8 33. Rb1 Re8 34. b4 Qa4 35. Red1 Rb6 36. Rb3 Rc6 37. b5 axb5 38. Rxc3 b4 39. Rxd6+ 1-0

[Event "Carlos Torre Memorial op 21st"]
[Site "Merida"]
[Date "2008.12.16"]
[Round "6"]
[White "Martin Del Campo C, Jorge Arturo"]
[Black "De Winter, Willy"]
[Result "1-0"]
[WhiteElo "2226"]
[BlackElo "2091"]
[PlyCount "140"]
[EventDate "2008.12.13"]
[EventType "swiss"]
[EventRounds "9"]
[EventCountry "MEX"]
[SourceTitle "CBM 127 Extra"]
[Source "ChessBase"]
[SourceDate "2009.01.08"]
[SourceVersion "2"]
[SourceVersionDate "2009.01.28"]
[SourceQuality "1"]

1. e4 c5 2. Nc3 d6 3. Nf3 Nc6 4. Bb5 a6 5. Bxc6+ bxc6 6. 0-0 e5 7. h3 Be7 8. d3 Nf6 9. Nh2 h6 10. f4 exf4 11. Bxf4 Be6 12. Nf3 g5 13. e5 gxf4 14. exf6 Bxf6 15. Qd2 Rg8 16. Kh2 Bh4 17. Nxh4 Qxh4 18. Qxf4 Qxf4+ 19. Rxf4 0-0-0 20. Raf1 Rg6 21. R1f2 Rdg8 22. Ne4 Kc7 23. Nf6 Rb8 24. b3 d5 25. c4 Kd6 26. Nh5 f5 27. R4f3 Bd7 28. Ng3 Rbg8 29. Nxf5+ Bxf5 30. Rxf5 Rg3 31. Rf6+ Kc7 32. cxd5 cxd5 33. Rxa6 h5 34. Rh6 R3g5 35. Rhf6 h4 36. Rh6 Rg3 37. Rd2 Re3 38. Rxh4 Rgg3 39. d4 c4 40. bxc4 dxc4 41. d5 c3 42. Rc4+ Kd6 43. Rc6+ Kd7 44. Rc2 Rd3 45. a4 Rxh3+ 46. gxh3 Rd2+ 47. Kg3 Rxc2 48. a5 Rc1 49. a6 c2 50. a7 Rg1+ 51. Kf4 Ra1 52. Rxc2 Rxa7 53. h4 Kd6 54. Rd2 Ra1 55. h5 Rh1 56. Kg5 Rg1+ 57. Kf6 Rh1 58. Kg6 Rg1+ 59. Kh7 Rg5 60. h6 Rg3 61. Kh8 Rg1 62. h7 Rg5 63. Re2 Rxd5 64. Re8 Kd7 65. Rg8 Ke7 66. Kg7 Rd1 67. h8Q Rg1+ 68. Kh6 Rh1+ 69. Kg5 Rg1+ 70. Kf4 Rg5 1-0

[Event "Carlos Torre Memorial op 20th"]
[Site "Merida"]
[Date "2007.12.18"]
[Round "6"]
[White "Garcia Fuentes, Sergio Miguel"]
[Black "Martin Del Campo C, Jorge Arturo"]
[Result "1/2-1/2"]
[WhiteElo "2087"]
[BlackElo "2233"]
[PlyCount "48"]
[EventDate "2007.12.15"]
[EventType "swiss"]
[EventRounds "9"]
[EventCountry "MEX"]
[SourceTitle "CBM 121 Extra"]
[Source "ChessBase"]
[SourceDate "2008.01.10"]
[SourceVersion "1"]
[SourceVersionDate "2008.01.10"]
[SourceQuality "1"]

1. e4 c5 2. Nf3 d6 3. d4 cxd4 4. Nxd4 Nf6 5. Nc3 Nc6 6. f3 e5 7. Nb3 Be7 8. Be3 0-0 9. Qd2 a5 10. Bb5 Be6 11. 0-0 d5 12. exd5 Nxd5 13. Nxd5 Qxd5 14. Qxd5 Bxd5 15. c4 Be6 16. Nc5 Bxc5 17. Bxc5 Rfd8 18. Rae1 Nd4 19. Rxe5 Nxb5 20. cxb5 Bxa2 21. Re7 Rd5 22. Rc1 Rc8 23. b6 h6 24. Rc7 Rb8 1/2-1/2

[Event "Carlos Torre Memorial op 18th"]
[Site "Merida"]
[Date "2005.12.18"]
[Round "5"]
[White "Vera Gonzalez Quevedo, Reynaldo"]
[Black "Martin Del Campo C, Jorge Arturo"]
[Result "1-0"]
[WhiteElo "2481"]
[BlackElo "2253"]
[PlyCount "81"]
[EventDate "2005.12.15"]
[EventType "swiss"]
[EventRounds "9"]
[EventCountry "MEX"]
[SourceTitle "CBM 109 Extra"]
[Source "ChessBase"]
[SourceDate "2006.01.03"]
[SourceVersion "2"]
[SourceVersionDate "2006.01.03"]
[SourceQuality "1"]

1. Nf3 Nf6 2. c4 e6 3. d4 Bb4+ 4. Nbd2 b6 5. a3 Bxd2+ 6. Qxd2 Bb7 7. e3 0-0 8. Be2 d6 9. 0-0 Nbd7 10. b4 c5 11. dxc5 dxc5 12. Bb2 Qc7 13. Rfd1 Rfd8 14. Qc3 Ne8 15. Nd2 Ndf6 16. Nb3 Rac8 17. Qe1 Be4 18. Rac1 Rxd1 19. Bxd1 Nd7 20. f3 Bb7 21. Be2 Rd8 22. Rd1 cxb4 23. axb4 Nb8 24. Bd3 Qe7 25. Bc3 Rd7 26. Rd2 Qd8 27. Qe2 Nc6 28. b5 Nb8 29. c5 Qc7 30. c6 Rd5 31. f4 Nxc6 32. bxc6 Qxc6 33. Bd4 Qa4 34. Bc4 Rd8 35. Ra2 Qb4 36. Rxa7 Nd6 37. Nd2 Bc6 38. Bd3 Nc8 39. Bxh7+ Kxh7 40. Qh5+ Kg8 41. Qxf7+ 1-0

[Event "Carlos Torre Memorial op 17th"]
[Site "Merida"]
[Date "2004.12.15"]
[Round "4"]
[White "Prasca Sosa, Rafael Felipe"]
[Black "Martin Del Campo C, Jorge Arturo"]
[Result "1-0"]
[WhiteElo "2396"]
[BlackElo "2310"]
[PlyCount "141"]
[EventDate "2004.12.13"]
[EventType "swiss"]
[EventRounds "9"]
[EventCountry "MEX"]
[SourceTitle "CBM 103 Extra"]
[Source "ChessBase"]
[SourceDate "2005.01.01"]
[SourceVersion "1"]
[SourceVersionDate "2005.01.01"]
[SourceQuality "1"]

1. e4 c5 2. c3 Nf6 3. e5 Nd5 4. d4 cxd4 5. cxd4 d6 6. Nf3 Nc6 7. Bc4 Nb6 8. Bb5 dxe5 9. Nxe5 Bd7 10. Nc3 e6 11. Qg4 h5 12. Qe4 Nxe5 13. dxe5 Bxb5 14. Nxb5 Nd5 15. 0-0 Qd7 16. Nc3 Nxc3 17. bxc3 Bc5 18. Bg5 Qc6 19. Qh4 Qd5 20. Rfe1 Qd3 21. Rad1 Qf5 22. Qa4+ Kf8 23. Be3 Qxe5 24. Qb5 b6 25. Qc6 Re8 26. Bd4 Qf5 27. Qb7 Rh6 28. Re3 Bxd4 29. Rf3 Qg6 30. cxd4 Kg8 31. Qxa7 Qc2 32. Qxf7+ Kh7 33. Rf1 Ra8 34. Rg3 Rg6 35. Qf3 Ra5 36. a3 Qf5 37. Qe3 Rd5 38. Re1 Qf6 39. Rxg6 Qxg6 40. g3 Qf6 41. Qxe6 Qxd4 42. Re4 Qd3 43. Re5 Rc5 44. Kg2 Ra5 45. Qe8 Rxe5 46. Qxe5 Qxa3 47. Qxh5+ Kg8 48. Qe8+ Kh7 49. Qe4+ Kg8 50. Qc4+ Kh7 51. Qh4+ Kg6 52. Qe4+ Kf7 53. Qb7+ Kg8 54. Qxb6 Qa8+ 55. Kh3 Qc8+ 56. g4 Qc1 57. Qe6+ Kh8 58. Kg2 Qb2 59. Qe8+ Kh7 60. Qe4+ Kh8 61. g5 Qb5 62. g6 Qd5 63. f3 Qd2+ 64. Kh3 Qd7+ 65. Qg4 Qe6 66. f4 Qe3+ 67. Kh4 Qf2+ 68. Qg3 Qb6 69. Kh3 Qb2 70. Qh4+ Kg8 71. Qd8# 1-0

[Event "Carlos Torre Memorial op 17th"]
[Site "Merida"]
[Date "2004.12.14"]
[Round "2"]
[White "Norgaard, Jesper"]
[Black "Martin Del Campo C, Jorge Arturo"]
[Result "1/2-1/2"]
[WhiteElo "2435"]
[BlackElo "2310"]
[PlyCount "28"]
[EventDate "2004.12.13"]
[EventType "swiss"]
[EventRounds "9"]
[EventCountry "MEX"]
[SourceTitle "CBM 103 Extra"]
[Source "ChessBase"]
[SourceDate "2005.01.01"]
[SourceVersion "1"]
[SourceVersionDate "2005.01.01"]
[SourceQuality "1"]

1. e4 c5 2. Nf3 d6 3. d4 cxd4 4. Nxd4 Nf6 5. Nc3 a6 6. Bg5 e6 7. f4 Qb6 8. Nb3 Nbd7 9. g3 Be7 10. Qe2 h6 11. Bh4 Qc7 12. Bg2 Rb8 13. 0-0-0 b5 14. Rhe1 b4 1/2-1/2

[Event "Carlos Torre Memorial op 16th"]
[Site "Merida"]
[Date "2003.12.12"]
[Round "1"]
[White "Zapata, Alonso"]
[Black "Martin Del Campo C, Jorge Arturo"]
[Result "1-0"]
[WhiteElo "2472"]
[BlackElo "2223"]
[PlyCount "67"]
[EventDate "2003.12.12"]
[EventType "swiss"]
[EventRounds "9"]
[EventCountry "MEX"]
[SourceTitle "CBM 097 Extra"]
[Source "ChessBase"]
[SourceDate "2004.01.13"]
[SourceVersion "1"]
[SourceVersionDate "2004.01.13"]
[SourceQuality "1"]

1. e4 c5 2. Nf3 d6 3. d4 cxd4 4. Nxd4 Nf6 5. Nc3 Nc6 6. Bc4 Qb6 7. Nb3 e6 8. 0-0 Be7 9. Kh1 0-0 10. f4 a6 11. Qf3 Qc7 12. Bd3 Bd7 13. Bd2 b5 14. Rae1 b4 15. Nd1 a5 16. c3 Rab8 17. Bb1 a4 18. Nc1 e5 19. Ne3 bxc3 20. Bxc3 Nd4 21. Qd1 Nb5 22. Bb4 Rfe8 23. fxe5 dxe5 24. Bxe7 Rxe7 25. Rxf6 gxf6 26. Nd5 Qd6 27. Rf1 Re6 28. Ne2 Nc7 29. Ng3 Ne8 30. Nf5 Qa6 31. Bd3 Qa5 32. Qc1 Rd6 33. Nfe7+ Kh8 34. Qh6 1-0

[Event "Carlos Torre Memorial op 15th"]
[Site "Merida"]
[Date "2002.12.14"]
[Round "2"]
[White "Martin Del Campo C, Jorge Arturo"]
[Black "Lalic, Bogdan"]
[Result "0-1"]
[WhiteElo "2346"]
[BlackElo "2542"]
[PlyCount "42"]
[EventDate "2002.12.13"]
[EventType "swiss"]
[EventRounds "9"]
[EventCountry "MEX"]
[SourceTitle "CBM 091 Extra"]
[Source "ChessBase"]
[SourceDate "2003.01.09"]
[SourceVersion "1"]
[SourceVersionDate "2003.01.09"]
[SourceQuality "1"]

1. d4 Nf6 2. c4 e6 3. Nf3 b6 4. g3 Ba6 5. b3 d5 6. Bg2 dxc4 7. Ne5 Bb4+ 8. Kf1 Bd6 9. Nxc4 Nd5 10. Bf3 f5 11. h4 Nc6 12. Kg2 Qd7 13. Bb2 Nce7 14. Nbd2 0-0 15. e4 fxe4 16. Nxe4 Bb7 17. Re1 Nf5 18. Ne5 Bxe5 19. dxe5 Rad8 20. a3 Qf7 21. Nd2 Nde3+ 0-1

[Event "Fide Mercenarios 54th"]
[Site "Mexico City"]
[Date "2001.03.13"]
[Round "6"]
[White "Martin Del Campo C, Jorge Arturo"]
[Black "Diaz Lombardo, Isidro"]
[Result "1-0"]
[WhiteElo "2258"]
[BlackElo "2069"]
[PlyCount "89"]
[EventDate "2001.02.??"]
[EventType "tourn"]
[EventRounds "9"]
[EventCountry "MEX"]
[SourceTitle "EXT 2003"]
[Source "ChessBase"]
[SourceDate "2002.11.25"]
[SourceVersion "1"]
[SourceVersionDate "2002.11.25"]
[SourceQuality "1"]

1. d4 Nf6 2. Nf3 e6 3. c4 c5 4. Nc3 a6 5. e4 b5 6. cxb5 Qa5 7. Bd2 axb5 8. e5 cxd4 9. Nxb5 Qb6 10. exf6 Bc5 11. fxg7 Rg8 12. b4 d3 13. bxc5 Qxb5 14. Rb1 Qc4 15. Qb3 Qe4+ 16. Be3 Ba6 17. Nd2 Qe5 18. Bxd3 Bxd3 19. Qxd3 Nc6 20. Rb7 Rd8 21. Nc4 Qxg7 22. g3 Qa1+ 23. Rb1 Qxa2 24. 0-0 Rg4 25. Nd6+ Ke7 26. Ra1 Qb2 27. Qxh7 Ne5 28. Rab1 Nf3+ 29. Kg2 Qf6 30. Qxf7+ Qxf7 31. Nxf7 Nxh2 32. Nxd8 Nxf1 33. Kxf1 Kxd8 34. Bf4 Rg7 35. Bd6 Ke8 36. Rb8+ Kf7 37. Rf8+ Kg6 38. Kg2 Rh7 39. f4 Rg7 40. Be5 Re7 41. g4 Kh7 42. Kg3 Kg6 43. Kf3 Rh7 44. Rf6+ Kg7 45. Rxe6+ 1-0

[Event "Mayo Cup 5th"]
[Site "Mexico City"]
[Date "2001.??.??"]
[Round "?"]
[White "Espinosa Flores, Rafael Emilio"]
[Black "Martin Del Campo C, Jorge Arturo"]
[Result "1/2-1/2"]
[WhiteElo "2403"]
[BlackElo "2258"]
[PlyCount "39"]
[EventDate "2001.??.??"]
[EventType "swiss"]
[EventRounds "7"]
[EventCountry "MEX"]
[SourceTitle "EXT 2004"]
[Source "ChessBase"]
[SourceDate "2003.11.25"]
[SourceVersion "1"]
[SourceVersionDate "2003.11.25"]
[SourceQuality "1"]

1. e4 c5 2. c3 Nf6 3. e5 Nd5 4. d4 cxd4 5. Nf3 Nc6 6. Bc4 Nb6 7. Bb3 d5 8. exd6 Qxd6 9. 0-0 Be6 10. Na3 a6 11. Bxe6 Qxe6 12. Nxd4 Nxd4 13. Qxd4 Rd8 14. Qf4 Qd7 15. Qg3 e6 16. Be3 Nd5 17. Bd4 h5 18. Nc4 h4 19. Qf3 h3 20. g3 1/2-1/2

[Event "Carlos Torre Memorial op 12th"]
[Site "Merida"]
[Date "1999.??.??"]
[Round "2"]
[White "Martin Del Campo C, Jorge Arturo"]
[Black "Nogueiras Santiago, Jesus"]
[Result "0-1"]
[WhiteElo "2288"]
[BlackElo "2559"]
[PlyCount "82"]
[EventDate "1999.12.??"]
[EventType "swiss"]
[EventRounds "9"]
[EventCountry "MEX"]
[SourceTitle "EXT 2001"]
[Source "ChessBase"]
[SourceDate "2000.11.22"]
[SourceVersion "1"]
[SourceVersionDate "2000.11.22"]
[SourceQuality "1"]

1. d4 Nf6 2. c4 e6 3. Nf3 b6 4. g3 Bb7 5. Bg2 Bb4+ 6. Nbd2 0-0 7. 0-0 d5 8. Ne5 a5 9. Qa4 Na6 10. Rd1 Qc8 11. Ndf3 dxc4 12. a3 Be7 13. Nc6 Bd6 14. Nfe5 Nb8 15. Qxc4 Nxc6 16. Nxc6 Re8 17. Bg5 Nd7 18. Rac1 h6 19. Bf4 Bxf4 20. gxf4 Nf6 21. e3 Ra6 22. a4 Ra8 23. f5 exf5 24. Ne5 Re7 25. Ng6 Rd7 26. Ne5 Re7 27. Ng6 Re6 28. Bxb7 Qxb7 29. Nf4 Re7 30. Ng6 Re4 31. Ne5 c5 32. Rd3 Re8 33. f3 R8xe5 34. fxe4 Rxe4 35. h3 Nd5 36. Qb3 cxd4 37. Rxd4 Nxe3 38. Rd2 Qb8 39. Kh1 Qg3 40. Rh2 Qf3+ 41. Kg1 Re6 0-1